Neuro-fuzzy and soft computing : a computational approach to learning and machine intelligence (Record no. 194715)

MARC details
000 -LEADER
fixed length control field 00545nam a2200157Ia 4500
005 - DATE AND TIME OF LATEST TRANSACTION
control field 20250409093307.0
008 - FIXED-LENGTH DATA ELEMENTS--GENERAL INFORMATION
fixed length control field 231217s9999 xx 000 0 und d
020 ## - INTERNATIONAL STANDARD BOOK NUMBER
International Standard Book Number 9788120322431
082 ## - DEWEY DECIMAL CLASSIFICATION NUMBER
Classification number 001.64404 JAN;6
100 ## - MAIN ENTRY--PERSONAL NAME
Personal name Jang, Jyh-Shing Roger. Sun, Chuen-Tsai. Mizutani, Eiji.
245 #0 - TITLE STATEMENT
Title Neuro-fuzzy and soft computing : a computational approach to learning and machine intelligence
260 ## - PUBLICATION, DISTRIBUTION, ETC. (IMPRINT)
Date of publication, distribution, etc. 1997
Name of publisher, distributor, etc. PHI
Place of publication, distribution, etc. New Delhi
300 ## - PHYSICAL DESCRIPTION
Extent xxvi, 614
650 ## - SUBJECT ADDED ENTRY--TOPICAL TERM
Topical term or geographic name as entry element Neuro-fuzzy,soft,computing,computational,machine,intelligence
942 ## - ADDED ENTRY ELEMENTS (KOHA)
Koha item type Books
Holdings
Date last seen Total Checkouts Full call number Accession number Old discount Price effective from Category Lost status Damaged status Department Withdrawn status bill date Permanent Location Current Location Shelving location Entry date Grants Currency symbol Conversion rate Discount Discount type
26/01/2024   001.64404 JAN;6 85389   26/01/2024 Books     Central Library   22/10/2019 Central Library Central Library Central Library 15/04/2013 DONATED RS 1   Rupees

© For any Suggestions or Query, please contact the library staff @ librarian@pes.edu or Phone: +9180 2672 1983/ 2108.